Creative Watercolour Techniques (Record no. 925531)

MARC details
000 -LEADER
fixed length control field 00258nam a2200097Ia 4500
008 - FIXED-LENGTH DATA ELEMENTS--GENERAL INFORMATION
fixed length control field 231107s2002 xx 000 0 und d
041 ## - LANGUAGE CODE
Language code of text/sound track or separate title eng
100 ## - MAIN ENTRY--PERSONAL NAME
Personal name Bolton Richard
245 ## - TITLE STATEMENT
Title Creative Watercolour Techniques
260 ## - PUBLICATION, DISTRIBUTION, ETC.
Place of publication, distribution, etc. Great Britan
Name of publisher, distributor, etc. Search Press
Date of publication, distribution, etc. 2002
Holdings
Withdrawn status Lost status Damaged status Not for loan Home library Current library Date acquired Cost, normal purchase price Total Checkouts Barcode Date last seen Date last checked out Price effective from Koha item type
        College of Architecture, Navi Mumbai College of Architecture, Navi Mumbai 08/11/2023 440.00 1 ARM-A-3903 04/02/2025 03/02/2025 08/11/2023 Book